00283nam a22001097a 4500020001800000082001400018100002900032245004900061260003200110300000800142650002300150 a81-7898-110-6 a297.2 KHA aKhan, Maulana Wahiduddin aSimple Wisdon: A Daybook Of Spiritual Living aNoidabGoodword Booksc2017 a629 aSpirituality-Islam